<?xml version="1.0" encoding="UTF-8"?>
<record
    xmlns:xsi="http://www.w3.org/2001/XMLSchema-instance"
    xsi:schemaLocation="http://www.loc.gov/MARC21/slim http://www.loc.gov/standards/marcxml/schema/MARC21slim.xsd"
    xmlns="http://www.loc.gov/MARC21/slim">

  <leader>01534nam a2200265 i 4500</leader>
  <controlfield tag="001">165512</controlfield>
  <controlfield tag="003">ES-MaACL</controlfield>
  <controlfield tag="005">20250928125449.0</controlfield>
  <controlfield tag="008">931025s1900    sp           |||| | spa d</controlfield>
  <datafield tag="100" ind1="2" ind2=" ">
    <subfield code="a">Solano y Galvez de San Pelayo, Mariano Carlos, </subfield>
    <subfield code="c">Marqu&#xE9;s de Monsalud</subfield>
    <subfield code="9">132796</subfield>
  </datafield>
  <datafield tag="245" ind1="1" ind2="0">
    <subfield code="a">Arqueolog&#xED;a romana y visig&#xF3;tica de Extremadura : </subfield>
    <subfield code="b">discursos le&#xED;dos ante la Real Academia de la Historia en la recepci&#xF3;n p&#xFA;blica del Excmo. Se&#xF1;or D. Mariano Carlos Solano G&#xE1;lvez de San Pelayo y Villalpando, marqu&#xE9;s de Monsalud, el d&#xED;a 3 de junio de 1900.</subfield>
  </datafield>
  <datafield tag="260" ind1=" " ind2=" ">
    <subfield code="a">Madrid : </subfield>
    <subfield code="b">[Real Academia de la Historia], </subfield>
    <subfield code="c">1900 (</subfield>
    <subfield code="f">Est. Tip. de Fortanel)</subfield>
  </datafield>
  <datafield tag="300" ind1=" " ind2=" ">
    <subfield code="a">85 p. : </subfield>
    <subfield code="b">il. ; </subfield>
    <subfield code="c">28 cm.</subfield>
  </datafield>
  <datafield tag="505" ind1="8" ind2=" ">
    <subfield code="a">Contiene: Apuntes biogr&#xE1;ficos del Excmo. Sr. D. Vicente Barrantes y Moreno / [Mariano Carlos Solano G&#xE1;lvez de San Pelayo]</subfield>
  </datafield>
  <datafield tag="530" ind1=" " ind2=" ">
    <subfield code="a">Disponible en formato digital.</subfield>
  </datafield>
  <datafield tag="594" ind1=" " ind2=" ">
    <subfield code="a">Recoge el discurso de Mariano Carlos Solano, y el de contestaci&#xF3;n del R.P. Fidel Fita y Colomer.</subfield>
  </datafield>
  <datafield tag="600" ind1="1" ind2="4">
    <subfield code="a">Barrantes, Vicente,</subfield>
    <subfield code="d">1829-1898</subfield>
    <subfield code="9">25851</subfield>
  </datafield>
  <datafield tag="651" ind1=" " ind2="4">
    <subfield code="a">Extremadura-</subfield>
    <subfield code="x">Restos arqueol&#xF3;gicos.</subfield>
    <subfield code="9">157492</subfield>
  </datafield>
  <datafield tag="700" ind1="1" ind2=" ">
    <subfield code="a">Fita, Fidel, </subfield>
    <subfield code="d">1835-1917</subfield>
    <subfield code="9">51052</subfield>
  </datafield>
  <datafield tag="710" ind1="2" ind2=" ">
    <subfield code="a">Real Academia de la Historia (Espa&#xF1;a)</subfield>
    <subfield code="9">6309</subfield>
  </datafield>
  <datafield tag="752" ind1=" " ind2=" ">
    <subfield code="a">Espa&#xF1;a - </subfield>
    <subfield code="d">Madrid</subfield>
  </datafield>
  <datafield tag="852" ind1="4" ind2=" ">
    <subfield code="a">ES-MaACL</subfield>
    <subfield code="j">F-M-III-G-H (XII)      </subfield>
    <subfield code="z">- Enc. hol., conservando cub. original</subfield>
    <subfield code="z">- Enc. en un vol. facticio    </subfield>
    <subfield code="z">- Donativo de la Academia</subfield>
  </datafield>
  <datafield tag="856" ind1="4" ind2=" ">
    <subfield code="u">http://bdh-rd.bne.es/viewer.vm?id=0000253417&amp;page=1 </subfield>
    <subfield code="z">Biblioteca Digital Hisp&#xE1;nica</subfield>
  </datafield>
  <datafield tag="999" ind1=" " ind2=" ">
    <subfield code="c">165512</subfield>
    <subfield code="d">165512</subfield>
  </datafield>
  <datafield tag="952" ind1=" " ind2=" ">
    <subfield code="0">0</subfield>
    <subfield code="1">0</subfield>
    <subfield code="4">0</subfield>
    <subfield code="7">0</subfield>
    <subfield code="8">Colecci&#xF3;n_digital</subfield>
    <subfield code="a">ATENEOM</subfield>
    <subfield code="b">ATENEOM</subfield>
    <subfield code="c">ADM</subfield>
    <subfield code="d">2008-01-17</subfield>
    <subfield code="e">SSC</subfield>
    <subfield code="l">0</subfield>
    <subfield code="o">F-M-III-G-H (XII)</subfield>
    <subfield code="p">1173572</subfield>
    <subfield code="r">2023-02-23 00:00:00</subfield>
    <subfield code="w">2023-02-23</subfield>
    <subfield code="y">MONANT</subfield>
  </datafield>
</record>
